Parenting today's adolescent: (Record no. 17361)

000 -LEADER
fixed length control field 00685nam a2200181 a 4500
001 - CONTROL NUMBER
control field :::00021284$&:&@@
003 - CONTROL NUMBER IDENTIFIER
control field OkBaRHE
005 - DATE AND TIME OF LATEST TRANSACTION
control field 20100402130611.0
008 - FIXED-LENGTH DATA ELEMENTS--GENERAL INFORMATION
fixed length control field s1998 j 000 0 eng u
040 ## - CATALOGING SOURCE
Transcribing agency
100 1# - MAIN ENTRY--PERSONAL NAME
Personal name Rainey, Dennis, 1948-
245 10 - TITLE STATEMENT
Title Parenting today's adolescent:
Remainder of title helping your child avoid the traps of the preteen and teen years
Statement of responsibility, etc Addittional Authors Rainey,Barbara, Nygren,Bruce
260 ## - PUBLICATION, DISTRIBUTION, ETC. (IMPRINT)
Place of publication, distribution, etc Nashville, TN
Name of publisher, distributor, etc Thomas Nelson Pub
Date of publication, distribution, etc 1998
300 ## - PHYSICAL DESCRIPTION
Extent xvi,361 p ;
Dimensions 24 cm
650 ## - SUBJECT ADDED ENTRY--TOPICAL TERM
Topical term or geographic name as entry element Parenting, Teenagers,Preteens
942 ## - ADDED ENTRY ELEMENTS (KOHA)
Source of classification or shelving scheme
Koha item type Books
Copies
Copy number Damaged status Date last seen Date acquired Withdrawn status Price effective from Source of classification or shelving scheme Barcode Permanent Location Shelving location Full call number Not for loan Koha item type Lost status
1 2010-04-142010-04-14 2010-04-14 21284RHEMA Bible Training CollegeGeneral StacksHQ 799.15 .R35 1998 Books